000 00302nam a2200121Ia 4500
003 GCL
008 140319s9999 xx 000 0 eng d
040 _aGCL /
_cGCL
082 0 4 _a658.5
_bC M
245 1 0 _aMAKING A SUCCESS IN MANUFACTURING
260 _a[S.N] :
_bMC GRAW - HILL ،
_c1993
300 _a245 P
999 _c20776
_d20776